| 000 | 00680nam a22002057a 4500 | ||
|---|---|---|---|
| 005 | 20170814141830.0 | ||
| 010 | _aENG-119422 | ||
| 020 |
_a9789381588369 _c140.00 |
||
| 020 |
_a9381588368 _c140.00 |
||
| 035 | _aEN-102954 | ||
| 037 | _bDBAD/PUB | ||
| 082 | _a613.0433 | ||
| 100 | _a Podder,Tanushree | ||
| 245 |
_aPerfect health: _cby Tanushree Podder [and] Shrikant Prasoon _bthe complete guide for body and mind body, diet and nutrition / |
||
| 260 |
_aNew Delhi _bV & S Publishers _c2012 |
||
| 270 |
_aF-2/16, Ansari Road,Daryaganj _bNew Delhi _e110002 |
||
| 300 |
_a112p. _c22cm(pbk) |
||
| 700 | _aPrasoon,Shrikant | ||
| 942 |
_2ddc _cEN _h613.0433 _mPOD |
||
| 999 |
_c142901 _d142901 |
||